International Trade Operations / (Record no. 195516)

MARC details
000 -LEADER
fixed length control field 00535nam a22001937a 4500
005 - DATE AND TIME OF LATEST TRANSACTION
control field 20230405105332.0
010 ## - LCCN (DPL NO)
LC control number ENG-136569
020 ## - INTERNATIONAL STANDARD BOOK NUMBER
International Standard Book Number 9788174467355
Terms of availability 325.00
035 ## - SYSTEM CONTROL NUMBER
System control number EN-120101
037 ## - SOURCE OF ACQUISITION
Source of stock number/acquisition DBAD/PUB
082 ## - DEWEY DECIMAL CLASSIFICATION NUMBER
Classification number 382
100 ## - MAIN ENTRY--PERSONAL NAME
Personal name Singh, Ram
245 ## - TITLE STATEMENT
Title International Trade Operations /
Statement of responsibility, etc By Ram Singh
250 ## - EDITION STATEMENT
Edition statement First
260 ## - PUBLICATION, DISTRIBUTION, ETC. (IMPRINT)
Place of publication, distribution, etc New Delhi
Name of publisher, distributor, etc Excel Books
Date of publication, distribution, etc 2009
270 ## - ADDRESS
Address A-45, Naraina, Phase 1
City New Delhi
Postal code 110028
300 ## - PHYSICAL DESCRIPTION
Extent 504p.;
Dimensions 24cm(pbk)
Other physical details index
942 ## - ADDED ENTRY ELEMENTS (KOHA)
Source of classification or shelving scheme Dewey Decimal Classification
Item type English Books
Call number suffix RAM
Classification part 382
Holdings
Withdrawn status Lost status Not for loan Collection code Home library Current library Date acquired Source of acquisition Cost, normal purchase price Full call number Barcode Copy number Cost, replacement price Koha item type
      Non-fiction Central Jail Tihar Central Jail Tihar 31/03/2023 DBAD/PUB 325.00 382 RAM EN-120101 1 325.00 English Books

© Delhi Public Library
Hit Counter
free hit counter